| 000 | 01697cam a22003977i 4500 | ||
|---|---|---|---|
| 001 | 1601 | ||
| 005 | 20231204101658.0 | ||
| 020 | _a9780316043472 | ||
| 040 |
_aMIBLS _beng _cMIBLS _erda _dOCLCF _dIH9 _dDLC |
||
| 050 | 0 | 0 | _aPZ7.P2447 |
| 082 | _a155.2 | ||
| 100 | 1 |
_aParr, Todd _eauthor _eillustrator |
|
| 245 | 1 | 0 |
_aIt's okay to be different / _cTodd Parr |
| 246 | 3 | _aIt is okay to be different | |
| 246 | 3 | _aIt's OK to be different | |
| 246 | 3 | _aIt is OK to be different | |
| 250 | _aFirst Paperback Edition: April 2009 | ||
| 260 |
_aNew York : _bLittle, Brown and Company, _c2001 |
||
| 300 |
_a30 unnumbered pages : _b color illustrations ; _c26 cm |
||
| 490 | 1 | _aTodd Parr picture books | |
| 500 | _a"Originally published in hardcover in September 2001 by Little, Brown and Company."--Title page verso. | ||
| 505 | _aE | ||
| 520 | _aIllustrations and brief text describe all kinds of differences that are "okay," such as "It's Okay to be a different color," "It's Okay to need some help," "It's Okay to be adopted," and "It's Okay to have a Different nose." | ||
| 521 |
_a200
_bLexile AD |
||
| 521 |
_aE
_bRaz-Plus |
||
| 650 | 0 |
_aIndividual differences _vPictorial works _vJuvenile literature. |
|
| 650 | 0 |
_aSelf-esteem _vPictorial works _vJuvenile literature. |
|
| 650 | 7 |
_aIndividual differences. _2fast _0(OCoLC)fst00970304 |
|
| 650 | 7 |
_aSelf-esteem. _2fast _0(OCoLC)fst01111662 |
|
| 655 | 7 |
_aJuvenile works. _2fast _0(OCoLC)fst01411637 |
|
| 655 | 7 |
_aPictorial works. _2fast _0(OCoLC)fst01423874 |
|
| 655 | 7 |
_aPicture books. _2fast _0(OCoLC)fst01726789 |
|
| 655 | 7 |
_aPicture books. _2lcgft |
|
| 906 |
_a7 _bcbc _ccopycat _d2 _encip _f20 _gy-gencatlg |
||
| 942 |
_2ddc _cBK _n0 |
||
| 999 |
_c1601 _d1601 |
||